000 00715cam a22002414a 4500
001 12195276
005 20180215085537.0
008 001004s2002 txu b 001 0 eng
010 _a 00109639
020 _a015506617X
040 _aDLC
_cDLC
_dDLC
041 _aeng
042 _apcc
080 _a808.0668 GRI
082 0 0 _a808.0668 GRI
_221
100 1 _a21
101 _aGJL
245 1 0 _aWriting essays about literature :
_cKelley Griffith.
504 _aIncludes bibliographical references and indexes.
906 _a7
_bcbc
_corignew
_d3
_eepcn
_f20
_gy-gencatlg
942 _2ddc
_cBK
999 _c42687
_d42687